00855nam a2200205Ia 4500003000900000008004100009020001800050040001600068080002300084245023100107260003700338300001000375490002700385650001000412650003100422700003100453942000700484999001700491952014100508IN-BaIIA211028s9999 xx 000 0 eng d a0-7923-2769-1 cIIA Library a082.2:52bIAU-C134 0aNonlinear phenomena in stellar variabilitybproceedings of IAU-Colloquium held in at Joyo Geibun Center, Mito, Japan 7-10, January 1992cedited by M. Takeuti and J. R. Buchler  aDordrechtbKluwer Academicc1993 a375p. aIAU-Colloquium; no.134 aStars aStellar variability913386 aBuchler, J. R., ed.914502 cBK c12873d12873 00104070aBANbBANcGENd1999-02-04eALL g6023.00l0o082.2:52/ IAU-C134p13790r2021-11-05v6023.00w1999-02-04yBKGRs. 6023.00